书目信息 |
| 题名: |
丰硕的果实 上
|
|
| 作者: | 张玉祥 编著 | |
| 分册: | ||
| 出版信息: | 广州 广州出版社 1997 |
|
| 页数: | 124页 | |
| 开本: | 19cm | |
| 丛书名: | 百科世界知识丛书 | |
| 单 册: | ||
| 中图分类: | S6-49 , S6 | |
| 科图分类: | 67.059 | |
| 主题词: | 果树--青年读物 , 蔬菜--青年读物 | |
| 电子资源: | ||
| ISBN: | 7-80592-705-7 | |
| 000 | 00828nam2 2200313 450 | |
| 001 | 073000001860 | |
| 005 | 20091027092019.56 | |
| 009 | 0198049840 | |
| 010 | @a7-80592-705-7@dCNY8.15 | |
| 100 | @a20040224d am y0chiy0121 ea | |
| 101 | 0 | @achi |
| 102 | @aCN@b440000 | |
| 105 | @ay z 000yy | |
| 200 | 10 | @a丰硕的果实 上@Afeng shuo de guo shi shang@f张玉祥编著 |
| 210 | @a广州@c广州出版社@d1997 | |
| 215 | @a124页@d19cm | |
| 225 | 2 | @a百科世界知识丛书 |
| 300 | 2 | @a@h第一辑@v19、20 |
| 410 | 0 | @120010@a百科世界丛书 |
| 410 | 0 | @12001 @a百科世界知识丛书 |
| 606 | @a果树@x青年读物 | |
| 606 | @a蔬菜@x青年读物 | |
| 690 | @aS6-49@v3 | |
| 690 | @aS6@v4 | |
| 692 | @a67.059@v2 | |
| 701 | 0 | @a张玉祥@Azhang yu xiang@4编著 |
| 801 | 2 | @aCN@bHX@c20091027 |
| 905 | @aBZT@dS6@e4-1 | |
| 906 | @dCNY92(全辑)@n0@r1 | |
| 丰硕的果实 上/张玉祥编著.-广州:广州出版社,1997 |
| 124页;19cm.-(百科世界知识丛书) |
| ISBN 7-80592-705-7:CNY8.15 |
| ● |
| 相关链接 |
|
|
|
正题名:丰硕的果实 上
索取号:S6/4-1
 
预约/预借
| 序号 | 登录号 | 条形码 | 馆藏地/架位号 | 状态 | 备注 |
| 1 | 419794 | 210498656 | 中心书库中库/ 中库033架A面9列2层24/ [索取号:S6/4-1] | 在馆 | |
| 2 | 419795 | 210498647 | 中心书库中库/ 中库033架A面9列2层25/ [索取号:S6/4-1] | 在馆 | |
| 3 | 419796 | 210498638 | 中心书库中库/ 中库033架A面9列2层21/ [索取号:S6/4-1] | 在馆 | |
| 4 | 419797 | 210498629 | 中心书库中库/ 中库033架A面9列2层20/ [索取号:S6/4-1] | 在馆 | |
| 5 | 419798 | 210498610 | 中心书库中库/ 中库033架A面9列2层37/ [索取号:S6/4-1] | 在馆 | |
| 6 | 419799 | 210498601 | 中心书库中库/ 中库033架A面9列2层36/ [索取号:S6/4-1] | 在馆 | |
| 7 | 419800 | 210498594 | 中心书库中库/ 中库033架A面9列2层38/ [索取号:S6/4-1] | 在馆 | |
| 8 | 419801 | 210498585 | 中心书库中库/ 中库033架B面1列2层21/ [索取号:S6/4-1] | 在馆 | |
| 9 | 419802 | 210498576 | 中心书库中库/ 中库033架A面9列2层34/ [索取号:S6/4-1] | 在馆 | |
| 10 | 419803 | 210498567 | 中心书库中库/ 中库033架A面9列2层35/ [索取号:S6/4-1] | 在馆 |